| 000 | 00737nam a2200205 a 4500 | ||
|---|---|---|---|
| 003 | 0 | ||
| 005 | 20250307093512.0 | ||
| 008 | 090707s19uu xx 00 eng d | ||
| 050 |
_aPGS HQ 503.7 _b.B328 2009 |
||
| 100 | _aBata, Patricia del Rosario. | ||
| 245 |
_aNumber of family members and students closeness with the family / _cPatricia del Rosario Bata. |
||
| 260 |
_aLas PiƱas City, Philippines : _bSouthville International School and Colleges, _c2009. |
||
| 300 |
_a33 pages : _billustrations ; _c28 cm. |
||
| 504 | _aIncludes bibliographical references. | ||
| 650 | _aFamily size. | ||
| 650 | _aFamily relationships. | ||
| 650 |
_aStudents _vFamily relationships. |
||
| 650 | _aParent and child. | ||
| 942 |
_2lcc _cPASS |
||
| 999 |
_c98158 _d98158 |
||